[Event "Masters"]
[Site "SchemingMind.com"]
[Date "2007.09.09"]
[Round "-"]
[White "Darko"]
[Black "Konan_Kaddosh"]
[Result "1-0"]
[WhiteCountry "ROU"]
[BlackCountry "ITA"]
[WhiteElo "2008"]
[WhiteRD "80"]
[BlackElo "2415"]
[BlackRD "58"]
[GameID "120044"]

1. e4 Nf6 2. e5 Nd5 3. d4 d6 4. Nf3 dxe5 5. Nxe5 g6 6. Bc4 c6 7. O-O Bg7 8. Re1 O-O 9. Bb3 Be6 10. Nd2 Nd7
11. Ndf3 Nxe5 12. Nxe5 Qd6 13. c3 Rad8 14. Bd2 c5 15. dxc5 Qxc5 16. Qc1 Qc7 17. Nf3 Bg4 18. Ng5 a5 19. h3 Nb4 20. cxb4
1-0

[Event "Masters"]
[Site "SchemingMind.com"]
[Date "2007.09.09"]
[Round "-"]
[White "schakert"]
[Black "Konan_Kaddosh"]
[Result "0-1"]
[WhiteCountry "NED"]
[BlackCountry "ITA"]
[WhiteElo "1844"]
[WhiteRD "92"]
[BlackElo "2377"]
[BlackRD "62"]
[GameID "120045"]

1. e4 Nf6 2. Nc3 e5 3. Bc4 Bc5 4. d3 d6 5. Bg5 Be6 6. Bb3 Nc6 7. Nf3 h6 8. Bh4 Bxb3 9. axb3 g5 10. Bg3 Qe7
11. Na4 O-O-O 12. Qe2 a6 13. Nxc5 dxc5 14. O-O-O h5 15. h4 g4 16. Nd2 Rhg8 17. Nc4 b5 18. Ne3 Nd4 19. Qe1 Kb7 20. Rf1 Kb6
21. f4 gxf3 22. gxf3 Rxg3 23. c3 Rxf3 24. cxd4 Rxf1 25. Qxf1 cxd4 26. Nf5 Qb4 27. Nxd4 Ng4 28. Nc2 Qxb3 29. Qf5 Rd6
0-1